• 首页
  • 本馆介绍
  • 公告通知
  • 最新文献
  • 馆藏检索
  • 电子资源
  • 读者导购
  • 参考咨询
  • 我的图书馆
  • 登录
  • 详细信息显示
  • 放入我的书架
  • 预约/预借图书
  • 作者相关作品
  • 分类相关作品
  • 丛书相关作品
  • 出版社相关作品

书目信息

  • 表格格式
  • 工作单格式
  • 卡片格式
题名:
体验与操作-工业设计常用材料与加工工艺教程
    
 
作者: 张耀引 , 任新宇 编著
分册:  
出版信息: 南宁   广西美术出版社  2015.08
页数: 111页
开本: 26cm
丛书名:
单 册:
中图分类: TB47
科图分类:
主题词: 工业技术--通用 , 工业--设备--通用性
电子资源:
ISBN: 978-7-80746-381-8
000 00756nam0 2200217 450
001 1056
005 20161008080905.63
010    @a978-7-80746-381-8@dCNY39.00
100    @a20160830d2015 km y0chiy0120 ea
101 0  @achi
200 1  @a体验与操作-工业设计常用材料与加工工艺教程@Ati yan yu cao zuo-gong ye she ji chang yong cai liao yu jia gong gong yi jiao cheng@f张耀引,任新宇编著@Fzhang yao yin,ren xin yu bian zhu
210    @a南宁@c广西美术出版社@d2015.08
215    @a111页@d26cm
330    @a工业设计-高等学校-教材
606 0  @a工业技术@x通用
606 0  @a工业@x设备@x通用性
690    @aTB47@v4
701  0 @a张耀引@Azhang yao yin@4编著
701  0 @a任新宇@Aren xin yu@4编著
801  0 @aCN@b唐山师范学院图书馆@c20160830
905    @aZUCC@dTB47@e267
    
    体验与操作-工业设计常用材料与加工工艺教程/张耀引,任新宇编著.-南宁:广西美术出版社,2015.08
    111页;26cm
    
    
    ISBN 978-7-80746-381-8:CNY39.00
    工业设计-高等学校-教材
●
相关链接 在E读中查询图书 在五车中查询图书 在当当中查询图书 在豆瓣中查询图书


正题名:体验与操作-工业设计常用材料与加工工艺教程     索取号:TB47/267         预约/预借

序号 登录号 条形码 馆藏地/架位号 状态 备注
1 906725   209067258   第二样本阅览室/ [索取号:TB47/267] 在馆    
2 906726   209067267   第三借阅区/ [索取号:TB47/267] 在馆    
3 906727   209067276   第三借阅区/ [索取号:TB47/267] 在馆    
唐山师范学院图书馆 欢迎您!
大连网信软件有限公司© 版权所有